000 02971cam a22003374a 4500
999 _c6975
_d6975
001 15464373
003 OSt
005 20230207152007.0
008 080925s2008 enk b 001 0 eng d
010 _a 2008300106
020 _a9781842778913 (pbk.)
035 _a(OCoLC)ocn181601700
040 _aBTCTA
_cDDC
_dBAKER
_dYDXCP
_dCVM
_dWAU
_dBWK
_dIAY
_dOCLCQ
_dIXA
_dDLC
042 _alccopycat
043 _ad------
082 _a571.8 COR 2008
100 _aEditors Cornwall, Andrea; Corrêa, Sonia; Jolly, Susie.
_914316
245 0 0 _aDevelopment With a body:
_bsexuality, human rights and development
260 _aNew York :
_bZed Books :
_c2008.
300 _axiv, 257 p. ;
_c22 cm.
504 _aIncludes bibliographical references and index.
505 0 _aDevelopment with a body: making the connections between sexuality, human rights, and development / Andrea Cornwall, Sonia Corrêa and Susie Jolly -- Development's encounter with sexuality: essentialism and beyond / Sonia Corrêa and Susan Jolly -- Sexual rights/human rights --- Sexual rights are human rights / Kate Sheill -- Sex work, trafficking and HIV: how development is compromising sex workers' human rights / Melissa Ditmore -- The language of rights / Jaya Sharma -- Children's sexual rights in an era of HIV/AIDS / Deevia Bhana -- The rights of man / Alan Greig -- Human rights interrupted: an illustration from India / Sumit Baudh -- Gender and sex orders -- Discrimination against lesbians in the workplace / Alejandra Sardá -- Ruling masculinities in post-apartheid South Africa / Kopano Ratele -- Gender, identity and travesti rights in Peru / Giuseppe Campuzano -- Small powers, little choice: reproductive and sexual rights in slums in Bangladesh / Sabina Faiz Rashid -- Social and political inclusion of sex workers as preventive measure against trafficking: Serbian experiences / Jelena Djordjevic -- Confronting our prejudices: women's movement experiences in Bangladesh / Shireen Huq -- Sexuality education as a human right: lessons from Nigeria / Adenike O. Esiet -- Terms of contact and touching change: investigating pleasure in an HIV epidemic / Jill Lewis and Gill Gordon -- A democracy of sexuality: linkages and strategies for sexual rights, participation, and development / Henry Armas -- Integrating sexuality into gender and human rights frameworks: a case study from Turkey / Pinar Ilkkarancan and Karin Ronge.
650 0 _aChild development
_96880
650 0 _aHuman rights
_914317
856 4 2 _3Contributor biographical information
_uhttp://www.loc.gov/catdir/enhancements/fy0908/2008300106-b.html
856 4 2 _3Publisher description
_uhttp://www.loc.gov/catdir/enhancements/fy0908/2008300106-d.html
856 4 1 _3Table of contents only
_uhttp://www.loc.gov/catdir/enhancements/fy0908/2008300106-t.html
906 _a7
_bcbc
_ccopycat
_d2
_encip
_f20
_gy-gencatlg
942 _2ddc
_cO_SHELF